000 00837nam a22002537a 4500
005 20170123162336.0
010 _aA-431215
020 _c100.00
035 _aA-431215
037 _bCen Lib/Ret
040 _aDPL
_bUR
082 _a921
_bج گ ن
245 _aجگن ناتھ آزاد :
_cمرتبین موحمد ییب واقف
_bایک متلا /
246 _aJagan Nath Azad : ek mutale a/
_bedited by Mohamad Ayub Vaqif
260 _aنیی دہلی
_bمونو مینٹل پبلشرس
_c1988
270 _bنیی دہلی
300 _a354p.
_c21cm(Hb)
650 _aادب -- اردو
_9124192
650 _aاردو سوانے عمری
_9124193
650 _aLiterature -- urdu
_9124194
650 _aurdu biography
_9511
700 _a موحمد ییب واقف
_9124195
942 _2ddc
_cUR
_hک
_mج گ ن
999 _c108151
_d108151